Engineering practice lab (Record no. 119)

MARC details
000 -LEADER
Fixed length control field 00602nam a2200205 4500
003 - CONTROL NUMBER IDENTIFIER
Control field SEACOMEC
005 - DATE AND TIME OF LATEST TRANSACTION
Control field 20240405124248.0
008 - FIXED-LENGTH DATA ELEMENTS--GENERAL INFORMATION
Fixed length control field 231006b |||||||| |||| 00| 0 eng d
020 ## - INTERNATIONAL STANDARD BOOK NUMBER / ISBN
Price Rs. 125.00
040 ## - CATALOGING SOURCE
Original cataloging agency SEACOMEC
041 ## - LANGUAGE CODE
Language code English
082 ## - DEWEY DECIMAL CLASSIFICATION NUMBER
Classification number 631.304
Book Number J59
100 1# - MAIN ENTRY--PERSONAL NAME
Personal name Jeyapoovan, T.
245 1# - TITLE STATEMENT
Title Engineering practice lab
Sub title Basic workshop practice manual
Statement of responsibility T. Jeyapoovan
250 ## - EDITION STATEMENT
Edition statement 2nd ed.
260 ## - IMPRINT
Place of publication New Delhi
Name of publisher Vikas
Date of publication 2005
650 ## - SUBJECT ADDED ENTRY--TOPICAL TERM
Topical term Engineering Specific techniques;
Form subdivision apparatus, equipment, materials
650 ## - SUBJECT ADDED ENTRY--TOPICAL TERM
Topical term Tools, machinery, apparatus, equipment
942 ## - ADDED ENTRY ELEMENTS (KOHA)
Koha item type Books
Holdings
Withdrawn status Lost status Source of classification Damaged status Not for loan Home library Current library Date acquired Total Checkouts Call number Accession number Date last seen Price effective from Koha item type Copy number
    Dewey Decimal Classification     SEACOM ENGINEERING COLLEGE SEACOM ENGINEERING COLLEGE 05/04/2024   631.304 J59 4920 05/04/2024 05/04/2024 Books  
    Dewey Decimal Classification     SEACOM ENGINEERING COLLEGE SEACOM ENGINEERING COLLEGE 05/04/2024   631.304 J59 4921 05/04/2024 05/04/2024 Books 1
    Dewey Decimal Classification     SEACOM ENGINEERING COLLEGE SEACOM ENGINEERING COLLEGE 05/04/2024   631.304 J59 4922 05/04/2024 05/04/2024 Books 2
    Dewey Decimal Classification     SEACOM ENGINEERING COLLEGE SEACOM ENGINEERING COLLEGE 05/04/2024   631.304 J59 4923 05/04/2024 05/04/2024 Books 3
    Dewey Decimal Classification     SEACOM ENGINEERING COLLEGE SEACOM ENGINEERING COLLEGE 05/04/2024   631.304 J59 4924 05/04/2024 05/04/2024 Books 4
© Seacom Engineering College, All rights reserved.      Powered by Koha